[Event "MNT-chT"]
[Site "Montenegro"]
[Date "2017.09.28"]
[Round "6.1"]
[White "Balic, Adnan"]
[Black "Kisic, Bozidar"]
[Result "0-1"]
[WhiteElo "2088"]
[BlackElo "2188"]
[PlyCount "174"]
[EventDate "2017.09.23"]
[EventType "team"]
[EventRounds "9"]
[EventCountry "MNE"]
[SourceTitle "EXT 2019"]
[Source "ChessBase"]
[SourceDate "2018.10.10"]
[SourceVersion "1"]
[SourceVersionDate "2018.10.10"]
[SourceQuality "1"]
[WhiteTeam "Rokada"]
[BlackTeam "Mladost"]
[WhiteTeamCountry "MNE"]
[BlackTeamCountry "MNE"]

1. Nf3 Nf6 2. c4 c5 3. Nc3 d5 4. cxd5 Nxd5 5. g3 Nc6 6. Bg2 Nc7 7. 0-0 e5 8. d3 Be7 9. b3 0-0 10. Bb2 f6 11. Rc1 Be6 12. Nd2 Qd7 13. Na4 b6 14. a3 Nd5 15. Qc2 Rac8 16. e3 Rfd8 17. Rfd1 b5 18. Nc3 Nxc3 19. Qxc3 a6 20. Bxc6 Rxc6 21. d4 exd4 22. exd4 Bd5 23. Qd3 Qh3 24. f3 Bf7 25. Qf1 Qh6 26. Qf2 c4 27. bxc4 bxc4 28. Re1 Bf8 29. Qe3 Qxe3+ 30. Rxe3 Rb8 31. Ba1 f5 32. Rec3 Rbc8 33. f4 Bd5 34. Kf2 Be7 35. Re3 Bf6 36. Bc3 h6 37. Rb1 Rd6 38. Rb4 Kh7 39. a4 Bd8 40. Rb1 Bf6 41. Rb4 Kg8 42. Re1 Kh7 43. h3 Ba8 44. Re5 Bxe5 45. fxe5 Rg6 46. Nf1 h5 47. Ne3 h4 48. gxh4 f4 49. Ng4 Be4 50. h5 Rg5 51. h6 Bf5 52. hxg7 Bxg4 53. hxg4 Rxg4 54. d5 Rg3 55. Bd2 Rd3 56. Bxf4 Rxd5 57. Rb1 Kxg7 58. Ke3 c3 59. Ke4 Rdc5 60. Rg1+ Kf7 61. Kf5 c2 62. Bc1 Re8 63. Re1 Re6 64. Bf4 Rcc6 65. Bc1 Ke8 66. a5 Kd7 67. Rh1 Re7 68. Ba3 Rf7+ 69. Ke4 Rc3 70. Bc1 Re7 71. Kd4 Rb3 72. Rh2 Rb5 73. Rxc2 Rexe5 74. Bd2 Rbd5+ 75. Kc4 Rc5+ 76. Kb3 Rxc2 77. Kxc2 Rb5 78. Kd3 Kc6 79. Kc4 Rh5 80. Bc3 Rg5 81. Kd3 Kb5 82. Bd2 Rd5+ 83. Ke3 Kc4 84. Be1 Re5+ 85. Kf2 Kd3 86. Bb4 Rb5 87. Be1 Rb1 0-1

[Event "MNT-chT"]
[Site "Montenegro"]
[Date "2017.09.27"]
[Round "5.4"]
[White "Cirovic, Miroljub"]
[Black "Balic, Adnan"]
[Result "1-0"]
[WhiteElo "2112"]
[BlackElo "2088"]
[PlyCount "100"]
[EventDate "2017.09.23"]
[EventType "team"]
[EventRounds "9"]
[EventCountry "MNE"]
[SourceTitle "EXT 2019"]
[Source "ChessBase"]
[SourceDate "2018.10.10"]
[SourceVersion "1"]
[SourceVersionDate "2018.10.10"]
[SourceQuality "1"]
[WhiteTeam "Elektroprivreda"]
[BlackTeam "Rokada"]
[WhiteTeamCountry "MNE"]
[BlackTeamCountry "MNE"]

1. d4 Nf6 2. c4 e6 3. Nf3 Bb4+ 4. Bd2 Bxd2+ 5. Qxd2 d5 6. Nc3 0-0 7. e3 c6 8. a3 Nbd7 9. Be2 dxc4 10. Bxc4 b5 11. Be2 Bb7 12. 0-0 a6 13. b4 Qe7 14. e4 e5 15. dxe5 Nxe5 16. Nxe5 Qxe5 17. Qe3 c5 18. Qxc5 Qxc5 19. bxc5 Rac8 20. f3 Rxc5 21. Rfc1 Rfc8 22. Na2 Rxc1+ 23. Rxc1 Rxc1+ 24. Nxc1 Kf8 25. Kf2 Ke7 26. Ke3 Kd6 27. Nd3 Nd7 28. Kd4 Nf8 29. e5+ Kc6 30. f4 Ne6+ 31. Kc3 Kb6 32. g4 Nc5 33. Kd4 Nxd3 34. Bxd3 Bf3 35. g5 g6 36. f5 Kc7 37. h4 Bc6 38. e6 Be8 39. exf7 Bxf7 40. fxg6 hxg6 41. Ke5 Be8 42. Kf6 Kd6 43. Bxg6 Bxg6 44. Kxg6 a5 45. Kf7 b4 46. axb4 axb4 47. g6 b3 48. g7 b2 49. g8Q b1Q 50. Qg6+ Kd5 1-0

[Event "MNT-chT"]
[Site "Niksic"]
[Date "2016.08.12"]
[Round "7.5"]
[White "Balic, Adnan"]
[Black "Durutovic, Dragutin"]
[Result "1-0"]
[WhiteElo "2071"]
[BlackElo "2041"]
[PlyCount "117"]
[EventDate "2016.08.06"]
[EventType "team-tourn"]
[EventRounds "9"]
[EventCountry "MNE"]
[SourceTitle "CBM 173 Extra"]
[Source "ChessBase"]
[SourceDate "2016.08.29"]
[SourceVersion "1"]
[SourceVersionDate "2016.08.29"]
[SourceQuality "1"]

1. c4 e5 2. Nc3 Nf6 3. g3 Nc6 4. Bg2 Bc5 5. e3 0-0 6. d4 exd4 7. exd4 Re8+ 8. Nge2 Nxd4 9. 0-0 Nxe2+ 10. Nxe2 d6 11. Nf4 c6 12. b3 Bg4 13. Qc2 Bd4 14. Bb2 Be5 15. Bxe5 dxe5 16. Ne2 Qc7 17. Nc3 Rad8 18. h3 Bh5 19. Ne4 Nd7 20. Ng5 Bg6 21. Be4 Bxe4 22. Nxe4 Nf8 23. c5 Re6 24. Rad1 Rd5 25. b4 Rh6 26. Kg2 Qd7 27. h4 Ne6 28. Nc3 Rd4 29. Ne2 Rd5 30. Nc3 Nf4+ 31. Kf3 Rd3+ 32. Rxd3 Nxd3 33. Rd1 f5 34. Rxd3 e4+ 35. Nxe4 fxe4+ 36. Kxe4 Qg4+ 37. f4 Re6+ 38. Kd4 Re2 39. Qc4+ Kf8 40. Kc3 Re1 41. Rd8+ Ke7 42. Qd3 Re3 43. Rd7+ Ke8 44. Rd8+ Ke7 45. Qxe3+ Kxd8 46. a4 Kd7 47. b5 Kd8 48. bxc6 bxc6 49. Kb4 Qd7 50. Ka5 Kc8 51. Qb3 Qe7 52. Qc4 Qd8+ 53. Ka6 Qe7 54. Qg8+ Kc7 55. Qxh7 Qxc5 56. Qxg7+ Kc8 57. Qg8+ Kc7 58. Qf7+ Kc8 59. Qe8+ 1-0

[Event "Petrovac op"]
[Site "Petrovac"]
[Date "2015.05.14"]
[Round "9"]
[White "Balic, Adnan"]
[Black "Tadic, Stefan"]
[Result "1-0"]
[WhiteElo "2117"]
[BlackElo "1778"]
[PlyCount "55"]
[EventDate "2015.05.08"]
[EventType "swiss"]
[EventRounds "9"]
[EventCountry "MNE"]
[SourceTitle "CBM 166 Extra"]
[Source "ChessBase"]
[SourceDate "2015.06.18"]
[SourceVersion "1"]
[SourceVersionDate "2015.06.18"]
[SourceQuality "1"]

1. c4 c5 2. e3 Nc6 3. d4 cxd4 4. exd4 d5 5. Be3 Nf6 6. Nc3 Bf5 7. Nf3 e6 8. Qb3 Nb4 9. Rc1 Qb6 10. cxd5 Nbxd5 11. Bb5+ Ke7 12. Na4 Qd6 13. 0-0 Ne4 14. Bd3 b6 15. Ng5 Nxe3 16. Nxe4 Bxe4 17. fxe3 Bb7 18. Nc3 a6 19. Ne4 Bxe4 20. Bxe4 Ra7 21. Rc6 Qd7 22. Qxb6 Rb7 23. Qxa6 f5 24. Rxe6+ Qxe6 25. Qxb7+ Kd8 26. Bxf5 Qxe3+ 27. Kh1 Qxd4 28. Re1 1-0

[Event "MNT-chT"]
[Site "Ulcinj"]
[Date "2014.09.22"]
[Round "3.4"]
[White "Balic, Adnan"]
[Black "Perosevic, Aleksandar"]
[Result "1-0"]
[WhiteElo "2100"]
[BlackElo "2152"]
[PlyCount "83"]
[EventDate "2014.09.20"]
[EventType "team-tourn"]
[EventRounds "9"]
[EventCountry "MNE"]
[SourceTitle "CBM 162 Extra"]
[Source "ChessBase"]
[SourceDate "2014.10.17"]
[SourceVersion "1"]
[SourceVersionDate "2014.10.17"]
[SourceQuality "1"]
[WhiteTeam "Ljubomir Djurdjic"]
[BlackTeam "Niksic"]
[WhiteTeamCountry "MNE"]
[BlackTeamCountry "MNE"]

1. c4 Nf6 2. Nc3 g6 3. g3 Bg7 4. Bg2 0-0 5. d4 d6 6. Nf3 Nc6 7. d5 Na5 8. Qd3 c5 9. Bd2 a6 10. 0-0 Rb8 11. a4 Nb3 12. Ra3 Nxd2 13. Nxd2 Ng4 14. Rb1 a5 15. h3 Nh6 16. Nb5 Bd7 17. Kh2 f5 18. f4 Nf7 19. Qc2 Re8 20. Re1 e5 21. dxe6 Bxe6 22. Rd3 h5 23. Nb3 Qb6 24. e4 Kh7 25. Red1 Rbd8 26. Rd5 Bxd5 27. Rxd5 Nh6 28. exf5 Re3 29. fxg6+ Kh8 30. Rxh5 Rde8 31. Nc1 Qd8 32. Qd2 d5 33. cxd5 Qf6 34. d6 Qxg6 35. Rg5 Qe6 36. Nc7 Re2 37. Nxe2 Qxe2 38. Qxe2 Rxe2 39. d7 Nf7 40. Rxc5 Rxb2 41. Ne6 Rd2 42. Rc8+ 1-0

[Event "MNT CupT"]
[Site "Niksic"]
[Date "2014.04.06"]
[Round "1.2"]
[White "Balic, Adnan"]
[Black "Durakovic, Ferid"]
[Result "1-0"]
[WhiteElo "2098"]
[BlackElo "1985"]
[PlyCount "91"]
[EventDate "2014.04.06"]
[EventType "team-swiss"]
[EventRounds "5"]
[EventCountry "MNE"]
[SourceTitle "CBM 160 Extra"]
[Source "ChessBase"]
[SourceDate "2014.07.01"]
[SourceVersion "1"]
[SourceVersionDate "2014.07.01"]
[SourceQuality "1"]

1. c4 c5 2. Nc3 e5 3. g3 Nc6 4. Bg2 d6 5. a3 a6 6. e3 Nf6 7. Nge2 Be7 8. 0-0 0-0 9. d4 exd4 10. exd4 Bd7 11. d5 Ne5 12. b3 Bf5 13. h3 h6 14. f4 Ng6 15. Be3 Re8 16. g4 Bd7 17. Bf2 Nh7 18. Qd3 Bf6 19. Rae1 Bxc3 20. Qxc3 Qf6 21. Qd2 Re7 22. Ng3 Rxe1 23. Bxe1 Re8 24. Ne4 Qe7 25. f5 Ne5 26. f6 Nxf6 27. Nxf6+ gxf6 28. Qxh6 Ng6 29. Bd2 Qe5 30. Bf4 Nxf4 31. Qxf4 Qxf4 32. Rxf4 Kg7 33. Be4 b5 34. Kf2 bxc4 35. bxc4 Rb8 36. Rf3 a5 37. Kg3 a4 38. Kf4 Re8 39. Re3 Rb8 40. Bf3 Rd8 41. h4 Kg6 42. Bd1 Kg7 43. Re2 f5 44. g5 f6 45. Re7+ Kf8 46. gxf6 1-0

[Event "MNT-chT"]
[Site "Cetinje"]
[Date "2013.06.27"]
[Round "4.6"]
[White "Draskovic, Davor"]
[Black "Balic, Adnan"]
[Result "0-1"]
[WhiteElo "1893"]
[BlackElo "2050"]
[PlyCount "96"]
[EventDate "2013.06.24"]
[EventType "team-tourn"]
[EventRounds "9"]
[EventCountry "MNE"]
[SourceTitle "CBM 155 Extra"]
[Source "ChessBase"]
[SourceDate "2013.08.26"]
[SourceVersion "1"]
[SourceVersionDate "2013.08.26"]
[SourceQuality "1"]
[WhiteTeam "Rumija"]
[BlackTeam "Ljubomir Djurdjic"]
[WhiteTeamCountry "MNE"]
[BlackTeamCountry "MNE"]

1. e4 c6 2. Nc3 d5 3. Nf3 dxe4 4. Nxe4 Nf6 5. Nxf6+ exf6 6. d4 Bd6 7. Qe2+ Be6 8. g3 0-0 9. Bg2 Re8 10. Be3 Nd7 11. 0-0 Nb6 12. Rfe1 Nc4 13. b3 Nxe3 14. Qxe3 Qa5 15. c3 Qh5 16. Qd2 Re7 17. Re2 Rae8 18. Rae1 a5 19. Qc2 g6 20. Nd2 Bxb3 21. Qxb3 Rxe2 22. Rxe2 Rxe2 23. Bf3 Re1+ 24. Kg2 Qb5 25. Qxb5 cxb5 26. Bxb7 Rc1 27. Ba6 Rxc3 28. Ne4 Rc6 29. Bxb5 Rb6 30. a4 Kg7 31. Nd2 Bb4 32. Nc4 Rb8 33. d5 Rd8 34. Bc6 Kf8 35. Kf3 Ke7 36. Ke4 h5 37. Kd4 h4 38. g4 h3 39. Nb2 Bd6 40. Ke3 Bxh2 41. f4 g5 42. fxg5 fxg5 43. Kf2 Rb8 44. Nc4 Bd6 45. Bb5 Rh8 46. Kg1 Rh4 47. Nxa5 Rxg4+ 48. Kh1 h2 0-1

[Event "MNT-chT"]
[Site "Tivat"]
[Date "2011.10.15"]
[Round "8.2"]
[White "Balic, Adnan"]
[Black "Popadic, Dragan"]
[Result "1/2-1/2"]
[WhiteElo "2063"]
[BlackElo "2240"]
[PlyCount "25"]
[EventDate "2011.10.08"]
[EventType "team-tourn"]
[EventRounds "9"]
[EventCountry "MNE"]
[SourceTitle "CBM 144 Extra"]
[Source "ChessBase"]
[SourceDate "2011.10.28"]
[SourceVersion "1"]
[SourceVersionDate "2011.10.28"]
[SourceQuality "1"]
[WhiteTeam "Bijelo Polje Djurdjic"]
[BlackTeam "Tivat Mimoza"]
[WhiteTeamCountry "MNE"]
[BlackTeamCountry "MNE"]

1. d4 Nf6 2. c4 g6 3. Nc3 Bg7 4. e4 d6 5. Nf3 0-0 6. h3 e5 7. d5 a5 8. Be2 Na6 9. Be3 c6 10. g4 cxd5 11. cxd5 Nd7 12. h4 Ndc5 13. Rg1 1/2-1/2

[Event "Bar op"]
[Site "Bar"]
[Date "2010.11.18"]
[Round "1"]
[White "Krivokapic, Marko"]
[Black "Balic, Adnan"]
[Result "1-0"]
[WhiteElo "2417"]
[BlackElo "2136"]
[PlyCount "51"]
[EventDate "2010.11.18"]
[EventType "swiss"]
[EventRounds "7"]
[EventCountry "YUG"]
[SourceTitle "EXT 2012"]
[Source "ChessBase"]
[SourceDate "2011.11.24"]
[SourceVersion "1"]
[SourceVersionDate "2011.11.24"]
[SourceQuality "1"]

1. e4 e6 2. d4 d5 3. Nc3 dxe4 4. Nxe4 Bd7 5. Nf3 Bc6 6. Bd3 Nd7 7. 0-0 Ngf6 8. Ng3 Bd6 9. c4 b6 10. b3 0-0 11. Bb2 Re8 12. Ne5 Bb7 13. Qe2 c5 14. Rad1 Qc7 15. Nh5 Nxh5 16. Bxh7+ Kf8 17. Nxd7+ Qxd7 18. Qxh5 cxd4 19. Rxd4 e5 20. Bf5 Qc7 21. Rg4 g6 22. Qh8+ Ke7 23. Qh4+ Kf8 24. Bxg6 Bc8 25. Rg3 Be6 26. Be4 1-0

[Event "MNT-chT"]
[Site "Cetinje"]
[Date "2009.08.26"]
[Round "6.3"]
[White "Popovic, Mladen"]
[Black "Balic, Adnan"]
[Result "1/2-1/2"]
[WhiteElo "2190"]
[BlackElo "2088"]
[PlyCount "131"]
[EventDate "2009.08.21"]
[EventType "team-tourn"]
[EventRounds "7"]
[EventCountry "MNE"]
[SourceTitle "CBM 131 Extra"]
[Source "ChessBase"]
[SourceDate "2009.09.03"]
[SourceVersion "2"]
[SourceVersionDate "2009.09.16"]
[SourceQuality "1"]

1. e4 e6 2. d4 d5 3. Nc3 dxe4 4. Nxe4 Nd7 5. Nf3 Ngf6 6. Nxf6+ Nxf6 7. Bd3 c5 8. Be3 Nd5 9. 0-0 Be7 10. Bb5+ Bd7 11. Bxd7+ Qxd7 12. dxc5 Qc7 13. Bd4 0-0 14. c4 Nb4 15. a3 Nc6 16. Be3 Rfd8 17. Qc2 Rd7 18. Rad1 Rad8 19. Rxd7 Qxd7 20. b4 Qd3 21. Qc1 Bf6 22. h3 h6 23. Kh1 Bc3 24. Qb1 Qxc4 25. Rc1 Qe2 26. Qc2 Qxc2 27. Rxc2 Bf6 28. b5 Ne7 29. c6 bxc6 30. bxc6 Rc8 31. Bxa7 Rxc6 32. Rxc6 Nxc6 33. Bb6 Kf8 34. Kg1 Bc3 35. Kf1 Ke7 36. Bc5+ Kd7 37. Ke2 g6 38. Kd3 Bf6 39. g4 h5 40. gxh5 gxh5 41. Ke4 Ne7 42. Ne5+ Bxe5 43. Kxe5 Nd5 44. Bd4 f6+ 45. Ke4 Kd6 46. Kf3 e5 47. Ba7 Nf4 48. Kg3 Ng6 49. a4 f5 50. Bb8+ Kc6 51. a5 h4+ 52. Kf3 Kb5 53. Bc7 Kc6 54. Bd8 Kb5 55. Bc7 Kc6 56. Bd8 Kb7 57. Bg5 Ka6 58. Bd2 Kb5 59. Ke2 Nf8 60. Bg5 Ne6 61. Bxh4 Nf4+ 62. Kf3 Nxh3 63. Bd8 Nf4 64. Bc7 Nd3 65. Ke3 e4 66. f3 1/2-1/2

[Event "MNT CupT"]
[Site "Montenegro"]
[Date "2009.04.12"]
[Round "2"]
[White "Lekic, Lazar"]
[Black "Balic, Adnan"]
[Result "0-1"]
[WhiteElo "1614"]
[BlackElo "2088"]
[PlyCount "78"]
[EventDate "2009.04.05"]
[EventType "team"]
[EventRounds "5"]
[EventCountry "MNE"]
[SourceTitle "EXT 2019"]
[Source "ChessBase"]
[SourceDate "2018.10.10"]
[SourceVersion "1"]
[SourceVersionDate "2018.10.10"]
[SourceQuality "1"]

1. e4 e6 2. Nf3 d5 3. e5 c5 4. c3 Nc6 5. Na3 Nge7 6. Nc2 c4 7. b3 Ng6 8. bxc4 Ncxe5 9. Nxe5 Nxe5 10. cxd5 Qxd5 11. d4 Qe4+ 12. Be3 Nc6 13. f3 Qg6 14. Qd2 Bd6 15. Bd3 Qh5 16. Be4 Na5 17. Qe2 Bd7 18. Rb1 Rb8 19. h4 f6 20. g4 Qf7 21. c4 0-0 22. Bd2 Nc6 23. d5 Ne7 24. Ne3 f5 25. dxe6 Bxe6 26. gxf5 Bg3+ 27. Kf1 Nxf5 28. Nxf5 Bxc4 29. Nxg3 Bxe2+ 30. Nxe2 Qxa2 31. Bf4 Rbe8 32. Rxb7 Rxe4 33. fxe4 Qa6 34. Rb8 Rxb8 35. Bxb8 Qd3 36. Rh2 Qb1+ 37. Kf2 Qxb8 38. Rh3 a5 39. Nd4 Qb2+ 0-1